00453nam a2200181 a 4500001001300000003000900013005001700022008004100039020001000080082001800090100002500108245002000133260003200153300000900185500003500194650001700229700002500246nice12345678IN_TiNIC20260116014255.0080609s2005 luca grp 000 0 urd  ac11000a297.1248bMAJ aMajlisi, Mohd Baquar aTahzeebul Islam aLucknowbNizami Pressc2005 a606p aincludes index and biblioraphy aHadith-Shiah1 aMajlisi, Mohd Baquar